Normal view MARC view

Entry Topical Term

Number of records used in: 2

001 - CONTROL NUMBER

  • control field: 73477

003 - CONTROL NUMBER IDENTIFIER

  • control field: dpl

005 - DATE AND TIME OF LATEST TRANSACTION

  • control field: 20241025142717.0

008 - FIXED-LENGTH DATA ELEMENTS

  • fixed length control field: 241025|| aca||aabn | a|a d

040 ## - CATALOGING SOURCE

  • Original cataloging agency: dpl
  • Transcribing agency: dpl

150 ## - HEADING--TOPICAL TERM

  • Topical term or geographic name as entry element: कहनियाँ

670 ## - SOURCE DATA FOUND

  • Source citation: Work cat.: (dpl)161191: प्रकाश मनु 73476, बच्चों के श्रेष्ठ हास्य एकांकी /, 2017

© Delhi Public Library
Hit Counter
free hit counter